000 02156aam a2200349 i 4500
001 768714001
003 CO-MdFUSB
005 20240115150209.0
007 ta
008 231004t20122014miu||||g |||| 00| 0 spa d
020 _a9780825419461
040 _aCO-MdFUSB
_bspa
_cCO-MdFUSB
_dCO-MdFUSBC
_erda
041 _aspa
_heng
082 _223
_a248.24
_bEV92
100 1 _aEvans, Tony,
_d1949-
_eautor
240 _aGod´s unlikeli path to success
245 1 3 _aNunca es demasiado tarde
_b : el camino inesperado de Dios al éxito
_c/ Tony Evans ; traducido por Rosa Pugliese
250 _aedición en castellano
264 1 _aMichigan :
_bPortavoz,
_c[2012]
264 4 _c©2014
300 _a188 páginas
_c; 22 cm
336 _2rdacontent
_atexto
_btxt
337 _2rdamedia
_asin mediación
_bn
338 _2rdacarrier
_avolumen
_bnc
505 _a1. Moisés era un asesino -- 2. Rahab era una prostituta -- 3. Jacob era un mentiroso -- 4. Jonás era un rebelde -- 5. Ester era una diva -- 6. Pedro era un apóstata -- 7. Sansón era un mujeriego -- 8. Sara era una princesa.
520 _aTodos los héroes y heroínas de la Biblia eran personas perfectas... ¿correcto? ¡no! Rahab era una prostituta. Jonás era un rebelde. Moisés era un asesino. Sara era una incrédula. Pedro era un apostata. Ester era una diva. Sansón era un mujeriego. Jacob era un engañador. Y, sin embargo, estos ocho hombres y mujeres forman parte de los héroes más famosos de la Biblia. A pesar de nuestro propios errores y desacierto, Dios puede y desea cambiar nuestro desanimo en expectativa. De hecho, Dios se deleita en usar a personas imperfectas, que han fallado, pecado, o simplemente fracasado en el cumplimiento de la Voluntad de Dios. ¿Qué me dice de usted? ¿Ha fracasado? No importa. Así como sucedió con los hombres y mujeres citados anteriormente, puede que no sea demasiado tarde para que Dios lo use... y usted ni siquiera lo sabe. ¿Acaso no le anima saber que Dios desea usar su vida?
563 _aRústico
650 0 _919
_aVida cristiana
700 _98452
_aPugliese, Rosa
_etraductor
942 _cBK
945 _asor1564
999 _c69109
_d69109